Informe de prácticas profesionales en el departamento de área técnica de la alcaldía de Managua, plantel de Batahola, de abril 2021 a diciembre 2021.
El presente documento pretende dar a conocer el proceso de las prácticas profesionales y actividades realizadas en la Alcaldía de Managua, Dirección General de Infraestructura-Plantel Batahola, Departamento de Área Técnica. Además, de la investigación de datos importantes de la institución...
| Main Author: | |
|---|---|
| Other Authors: | |
| Format: | Tesis Section = Libro |
| Language: | Undetermined Spanish |
| Published: |
Managua
UNI
2022
|
| Subjects: |
| LEADER | 01334nam a2200265Ia 4500 | ||
|---|---|---|---|
| 008 | 240830s9999 xx 000 0 und d | ||
| 040 | |a BIBLIOTECA-RUSB/ Mon 721 G984 | ||
| 041 | |a spa | ||
| 082 | |a Mon 721 G984 | ||
| 100 | 1 | |a Gutiérrez Narváez, Josseling Dyana | |
| 245 | 1 | 0 | |a Informe de prácticas profesionales en el departamento de área técnica de la alcaldía de Managua, plantel de Batahola, de abril 2021 a diciembre 2021. |
| 260 | |a Managua |b UNI |c 2022 | ||
| 300 | |a 68 p. :il. | ||
| 500 | |a Contiene: anexos y CD. | ||
| 502 | |a Tesis (Arquitecto) - UNI,2022. | ||
| 520 | 3 | |a El presente documento pretende dar a conocer el proceso de las prácticas profesionales y actividades realizadas en la Alcaldía de Managua, Dirección General de Infraestructura-Plantel Batahola, Departamento de Área Técnica. Además, de la investigación de datos importantes de la institución como antecedentes, misión, visión, organización y proyectos realizados. | |
| 650 | 7 | |a EDIFICIOS - DISEÑO Y CONSTRUCCION | |
| 650 | 7 | |b DISEÑO ARQUITECTONICO | |
| 650 | 7 | |c PRACTICAS PROFESIONALES – ALCALDIA – PLANTEL DE BATAHOLA | |
| 650 | 7 | |d FORMACION PROFESIONAL | |
| 650 | 7 | |e DISEÑO DE ESTRUCTURAS | |
| 700 | 1 | |a Tutor: |b Landero Jarquín, Rosario del Carmen | |
| 942 | |c BK |2 ddc | ||
| 991 | |a TESIS | ||
| 999 | |c 22310 | ||